[Event "Shakkikodin elokuun turnaus 2006"]
[Site "?"]
[Date "2006.??.??"]
[Round "1"]
[White "Sofiev, Alexey"]
[Black "Lappalainen, Sasu"]
[Result "1-0"]
[WhiteElo "2054"]
[BlackElo "2036"]
[PlyCount "25"]

1. e4 c5 2. f4 d5 3. exd5 Nf6 4. Bb5+ Bd7 5. Bxd7+ Qxd7 6. c4 Qf5 7. Qf3 g6 8.
Ne2 Bh6 9. d4 Nbd7 10. Nbc3 O-O 11. h3 Qc2 12. O-O Rfd8 13. Rd1 1-0

[Event "Shakkikodin elokuun turnaus 2006"]
[Site "?"]
[Date "2006.??.??"]
[Round "1"]
[White "Turtiainen, Tauno"]
[Black "Hagelberg, Lauri"]
[Result "0-1"]
[WhiteElo "2060"]
[BlackElo "1959"]
[PlyCount "63"]

1. e4 c5 2. Nf3 Nc6 3. d4 cxd4 4. Nxd4 Nf6 5. Nc3 e5 6. Ndb5 d6 7. Bg5 a6 8.
Na3 b5 9. Nd5 Be7 10. Bxf6 Bxf6 11. c3 Bg5 12. Nc2 O-O 13. h4 Bh6 14. a4 bxa4
15. Rxa4 a5 16. Bc4 Rb8 17. b3 Kh8 18. Nce3 Bxe3 19. Nxe3 f5 20. exf5 Bxf5 21.
Qd5 Qc7 22. Nxf5 Rxf5 23. O-O Rbf8 24. Bd3 Rf4 25. Rxf4 exf4 26. Ra1 g6 27. Be4
Ne5 28. Rxa5 Qxc3 29. Qxd6 Qe1+ 30. Kh2 Ng4+ 31. Kh3 Nxf2+ 32. Kh2 0-1

[Event "Shakkikodin elokuun turnaus 2006"]
[Site "?"]
[Date "2006.??.??"]
[Round "1"]
[White "Parkkinen, Jyrki"]
[Black "Luukkonen, Tommi"]
[Result "1-0"]
[WhiteElo "2226"]
[BlackElo "2184"]
[PlyCount "47"]

1. Nf3 Nf6 2. d4 g6 3. Nc3 d5 4. Bf4 Bg7 5. e3 O-O 6. Be2 c5 7. Ne5 Ne4 8. Nxe4
dxe4 9. c3 f6 10. Qb3+ e6 11. Nc4 cxd4 12. cxd4 g5 13. Bg3 f5 14. Be5 Nc6 15.
Bxg7 Kxg7 16. h4 gxh4 17. O-O-O Qg5 18. Ne5 Nxe5 19. dxe5 f4 20. g3 hxg3 21.
Rh5 Qe7 22. exf4 Qc5+ 23. Kb1 g2 24. Rxh7+ 1-0

[Event "Shakkikodin elokuun turnaus 2006"]
[Site "?"]
[Date "2006.??.??"]
[Round "1"]
[White "Kainulainen, Joona"]
[Black "Tuovinen, Jukka"]
[Result "1/2-1/2"]
[WhiteElo "2136"]
[BlackElo "2093"]
[PlyCount "119"]

1. d4 Nf6 2. c4 e6 3. Nf3 b6 4. a3 Bb7 5. Nc3 d5 6. cxd5 Nxd5 7. Qc2 Nd7 8. e4
Nxc3 9. bxc3 Be7 10. c4 O-O 11. Bd3 c5 12. d5 Bf6 13. Rb1 exd5 14. cxd5 Ne5 15.
Nxe5 Bxe5 16. O-O f5 17. Qe2 Qh4 18. g3 Qh3 19. f4 Bd4+ 20. Be3 Bxe3+ 21. Qxe3
fxe4 22. Qxe4 Rfe8 23. Qf3 Rad8 24. Bc4 Kh8 25. f5 Qh6 26. Rbe1 Qf6 27. Qf4 h6
28. Re6 Rxe6 29. fxe6 Qg6 30. e7 Re8 31. d6 Qc2 32. Rf2 Qd1+ 33. Bf1 Bc6 34.
Rd2 Qb3 35. Qf8+ Kh7 36. Bd3+ g6 37. Qf6 Rg8 38. Qf4 Qe6 39. Re2 Qd5 40. Qe4
Qxd6 41. Qc4 Qd4+ 42. Qxd4 cxd4 43. Re6 Be8 44. Kf2 Bf7 45. Rd6 Re8 46. Rd7 Kg7
47. Rxa7 Kf6 48. Rb7 Rxe7 49. Rxb6+ Re6 50. Rxe6+ Bxe6 51. Kf3 Bd5+ 52. Be4 Bc4
53. Bc2 Bd5+ 54. Ke2 g5 55. a4 Ke5 56. Kd2 Kd6 57. a5 Kc5 58. a6 Bc4 59. Bd3
Bd5 60. Be2 1/2-1/2

[Event "Shakkikodin elokuun turnaus 2006"]
[Site "?"]
[Date "2006.??.??"]
[Round "2"]
[White "Luukkonen, Tommi"]
[Black "Turtiainen, Tauno"]
[Result "1-0"]
[WhiteElo "2191"]
[BlackElo "1988"]
[PlyCount "39"]

1. e4 c5 2. Nf3 d6 3. d4 cxd4 4. Nxd4 Nf6 5. Nc3 a6 6. f3 e5 7. Nb3 Be6 8. Be3
Nbd7 9. Qd2 Nb6 10. g4 d5 11. Bxb6 Qxb6 12. Nxd5 Nxd5 13. exd5 Rd8 14. Bc4 Qc7
15. Na5 Bc5 16. O-O-O Qb6 17. Qe2 Be3+ 18. Kb1 Bd4 19. Nb3 Bxd5 20. Rxd4 1-0

[Event "Shakkikodin elokuun turnaus 2006"]
[Site "?"]
[Date "2006.??.??"]
[Round "2"]
[White "Tuovinen, Jukka"]
[Black "Hagelberg, Lauri"]
[Result "1-0"]
[WhiteElo "2093"]
[BlackElo "1959"]
[PlyCount "61"]

1. e4 d6 2. d4 Nf6 3. Nc3 Nbd7 4. Nf3 e5 5. Bc4 Be7 6. O-O h6 7. Qe2 c6 8. a4
Qc7 9. a5 Nf8 10. h3 g5 11. Qd3 Ng6 12. Ne2 Nf4 13. Nxf4 gxf4 14. Qb3 Rh7 15.
dxe5 dxe5 16. Qc3 Bd6 17. Bxf4 Nxe4 18. Qe1 f5 19. Bh2 Bd7 20. Bd3 O-O-O 21.
Bxe4 fxe4 22. Qxe4 Rg7 23. Kh1 Rdg8 24. Rg1 Be6 25. Bxe5 Bd5 26. Qf5+ Kb8 27.
Bxg7 Qxg7 28. Rae1 Rf8 29. Qg4 Qf6 30. c4 Rg8 31. Qd4 1-0

[Event "Shakkikodin elokuun turnaus 2006"]
[Site "?"]
[Date "2006.??.??"]
[Round "2"]
[White "Kainulainen, Joona"]
[Black "Sofiev, Alexey"]
[Result "1/2-1/2"]
[WhiteElo "2136"]
[BlackElo "2054"]
[PlyCount "96"]

1. d4 d5 2. c4 e6 3. Nf3 f5 4. Bf4 c6 5. e3 Nf6 6. Nc3 Bd6 7. Bd3 O-O 8. O-O
Bxf4 9. exf4 Ne4 10. Ne5 Nd7 11. Nxd7 Bxd7 12. f3 Nxc3 13. bxc3 b5 14. c5 Qc7
15. Qd2 Rfb8 16. Rfb1 a5 17. g3 Bc8 18. a3 Ra7 19. Ra2 a4 20. Qe3 Bd7 21. Rg2
Rf8 22. Kh1 Raa8 23. Rbg1 Rf7 24. Bb1 g6 25. h4 Raf8 26. Rh2 Kg7 27. Kg2 Kf6
28. Qe5+ Qxe5 29. fxe5+ Ke7 30. Kf2 Rg7 31. Rhg2 Be8 32. Bd3 Rfg8 33. Rh2 Bf7
34. Ke2 Rf8 35. Kd2 Be8 36. Ke1 Rff7 37. Kd2 Rg8 38. Kc1 Kf8 39. Kd2 Kg7 40.
Rgh1 Rff8 41. Kc1 Kh6 42. Kd1 Rg7 43. Ke1 Re7 44. Kd2 Rh8 45. Ke1 Kh5 46. Be2
Rf8 47. Kd2 Rg8 48. Ke1 Rh8 1/2-1/2

[Event "Shakkikodin elokuun turnaus 2006"]
[Site "?"]
[Date "2006.??.??"]
[Round "2"]
[White "Auvinen, Esa"]
[Black "Kortesharju, Jaakko"]
[Result "1-0"]
[WhiteElo "1877"]
[BlackElo "1827"]
[PlyCount "103"]

1. e4 c5 2. Nf3 Nc6 3. d4 cxd4 4. Nxd4 Nf6 5. Nc3 e5 6. Ndb5 d6 7. Bg5 a6 8.
Na3 b5 9. Nd5 Be7 10. Nxe7 Nxe7 11. Bxf6 gxf6 12. c4 Qa5+ 13. Qd2 Qxd2+ 14.
Kxd2 b4 15. Nc2 a5 16. a3 b3 17. Ne3 f5 18. exf5 Bxf5 19. Kc3 Rb8 20. Rd1 Kd7
21. Nxf5 Nxf5 22. Rd5 Ra8 23. Kxb3 Rhb8+ 24. Ka2 Ke7 25. Bd3 Nd4 26. Bxh7 Rb6
27. Re1 Rab8 28. Rxd4 Rxb2+ 29. Ka1 Rxf2 30. Bb1 Rxg2 31. c5 dxc5 32. Rxe5+ Kf6
33. Rf5+ Kg7 34. Rdf4 Rxh2 35. Rxf7+ Kg8 36. Ba2 Kh8 37. Rf8+ Rxf8 38. Rxf8+
Kg7 39. Ra8 Rh1+ 40. Kb2 Rh2+ 41. Ka1 Rh1+ 42. Bb1 c4 43. Rxa5 Rh3 44. Kb2 Kf6
45. Rc5 Rb3+ 46. Ka2 Rc3 47. a4 Ke6 48. a5 Kd6 49. a6 Re3 50. Ra5 Re2+ 51. Ka1
c3 52. a7 1-0

[Event "Shakkikodin elokuun turnaus 2006"]
[Site "?"]
[Date "2006.??.??"]
[Round "3"]
[White "Rautanen, Sari"]
[Black "Kortesharju, Jaakko"]
[Result "0-1"]
[WhiteElo "1927"]
[BlackElo "1827"]
[PlyCount "66"]

1. e4 c5 2. Nf3 d6 3. d3 Nc6 4. g3 g6 5. Bg2 Bg7 6. O-O Nf6 7. Nc3 Bg4 8. h3
Bxf3 9. Bxf3 Nd4 10. Bg2 b5 11. e5 dxe5 12. Bxa8 Qxa8 13. f3 Nh5 14. Kh2 f5 15.
g4 Nf6 16. Be3 b4 17. Bxd4 cxd4 18. Ne2 Nd5 19. Qd2 Qb8 20. Kh1 Ne3 21. Rf2 Bf6
22. a3 Bh4 23. Rh2 Qb7 24. Qxb4 Qxf3+ 25. Kg1 O-O 26. g5 Bxg5 27. Qc5 Ng4 28.
hxg4 Be3+ 29. Rf2 Qxf2+ 30. Kh1 Qf3+ 31. Kh2 Qxe2+ 32. Kh1 Qf3+ 33. Kh2 fxg4
0-1

[Event "Shakkikodin elokuun turnaus 2006"]
[Site "?"]
[Date "2006.??.??"]
[Round "2"]
[White "Lappaleinen, Sasu"]
[Black "Parkkinen, Jyrki"]
[Result "0-1"]
[WhiteElo "2036"]
[BlackElo "2226"]
[PlyCount "96"]

1. c4 e6 2. Nc3 d5 3. cxd5 exd5 4. d4 c5 5. Nf3 Nc6 6. g3 c4 7. Bg2 Bb4 8. O-O
Nge7 9. Bf4 O-O 10. Ne5 Be6 11. e3 f6 12. Nxc6 bxc6 13. e4 Qa5 14. Qc2 Rad8 15.
Rad1 Rfe8 16. h3 Bd6 17. Be3 f5 18. e5 Bc7 19. f4 Bb6 20. Qf2 Rc8 21. Rd2 Red8
22. Rfd1 Rb8 23. Bf3 Rf8 24. Kh2 Bd8 25. Rg1 g6 26. g4 Kh8 27. Bd1 Nc8 28. Qf3
Be7 29. Bf2 Nb6 30. Qe3 Nd7 31. gxf5 Bxf5 32. Qe1 Qd8 33. Bg4 Rb7 34. Bg3 Qb8
35. Qf2 Qe8 36. Bh4 Bxh4 37. Qxh4 Qf7 38. Bf3 Rg8 39. Rf2 Nf8 40. Bg4 Ne6 41.
Rd1 Rf8 42. Kg3 Bxg4 43. Qxg4 h5 44. Qf3 h4+ 45. Kxh4 Nxf4 46. Rdf1 Qh7+ 47.
Kg4 Qh5+ 48. Kg3 Qxh3# 0-1

[Event "Shakkikodin elokuun turnaus 2006"]
[Site "?"]
[Date "2006.??.??"]
[Round "3"]
[White "Sofiev, Alexey"]
[Black "Tuovinen, Jukka"]
[Result "1-0"]
[WhiteElo "2054"]
[BlackElo "2093"]
[PlyCount "39"]

1. e4 e5 2. Bc4 Bc5 3. Nc3 d6 4. d3 Nf6 5. Be3 Nbd7 6. Nf3 c6 7. Bxc5 Nxc5 8.
d4 exd4 9. Qxd4 O-O 10. O-O-O b5 11. Bb3 Qb6 12. Qxd6 Ncxe4 13. Nxe4 Nxe4 14.
Qe7 Bf5 15. Ne5 Qxf2 16. Rhf1 Qe3+ 17. Kb1 Nd2+ 18. Rxd2 Qxd2 19. Nxf7 Qxg2 20.
Nd8+ 1-0

[Event "Shakkikodin elokuun turnaus 2006"]
[Site "?"]
[Date "2006.??.??"]
[Round "3"]
[White "Turtiainen, Tauno"]
[Black "Lappalainen, Sasu"]
[Result "1/2-1/2"]
[WhiteElo "2060"]
[BlackElo "2036"]
[PlyCount "83"]

1. e4 c5 2. Nf3 d6 3. d4 cxd4 4. Nxd4 Nf6 5. f3 e5 6. Bb5+ Bd7 7. Bxd7+ Qxd7 8.
Nf5 d5 9. Bg5 dxe4 10. Bxf6 Qxd1+ 11. Kxd1 gxf6 12. fxe4 Rg8 13. g3 Nc6 14. Nc3
O-O-O+ 15. Nd5 Nb4 16. c4 Rg4 17. Re1 Nd3 18. Re2 Rxe4 19. Rxe4 Nf2+ 20. Kc2
Nxe4 21. Re1 Nd6 22. Nfe3 Nxc4 23. Nxf6 Nxe3+ 24. Rxe3 Bg7 25. Nxh7 Rh8 26. Ng5
Rxh2+ 27. Kb3 f5 28. Nf7 f4 29. gxf4 exf4 30. Re7 Rxb2+ 31. Kc4 Rc2+ 32. Kd5
Rc7 33. Nd6+ Kd8 34. Rxc7 Kxc7 35. Ne8+ Kb6 36. Nxg7 Kb5 37. Ne6 Kb4 38. Nxf4 {
(=)} 38... Ka3 39. Kc5 Kxa2 40. Nd5 Kb3 41. Kb5 b6 42. Ka6 1/2-1/2

[Event "Shakkikodin elokuun turnaus 2006"]
[Site "?"]
[Date "2006.??.??"]
[Round "3"]
[White "Parkkinen, Jyrki"]
[Black "Kainulainen, Joona"]
[Result "1-0"]
[WhiteElo "2226"]
[BlackElo "2136"]
[PlyCount "53"]

1. Nf3 Nf6 2. c4 e6 3. g3 b6 4. Bg2 Bb7 5. O-O Be7 6. Nc3 c5 7. d4 cxd4 8. Nxd4
Bxg2 9. Kxg2 a6 10. b3 O-O 11. Bb2 Qc7 12. Qd3 d6 13. Rfd1 Nbd7 14. Nf3 Rfd8
15. Ne4 Nxe4 16. Qxe4 Bf6 17. Rab1 Bxb2 18. Rxb2 d5 19. cxd5 Nf6 20. Qc4 Qb7
21. Rbd2 Rac8 22. dxe6 Rxd2 23. exf7+ Kf8 24. Qb4+ Rc5 25. Rxd2 Kxf7 26. Rd6
Nd5 27. Qe4 1-0

[Event "Shakkikodin elokuun turnaus 2006"]
[Site "?"]
[Date "2006.??.??"]
[Round "3"]
[White "Hagelberg, Lauri"]
[Black "Luukkonen, Tommi"]
[Result "0-1"]
[WhiteElo "1959"]
[BlackElo "2184"]
[PlyCount "74"]

1. d4 d5 2. Nf3 Nf6 3. c4 e6 4. Bg5 h6 5. Bh4 dxc4 6. Qa4+ Bd7 7. Qxc4 c5 8. e3
cxd4 9. exd4 Qb6 10. Nc3 Qxb2 11. Rb1 Qa3 12. Be2 Na6 13. Qb3 Rc8 14. Qxa3 Bxa3
15. Nb5 Bb4+ 16. Kd1 Ke7 17. Bd3 g5 18. Bg3 g4 19. Ne5 Bxb5 20. Bxb5 Nd5 21.
Bh4+ Kf8 22. Bd7 Nc3+ 23. Kc2 Kg7 24. Bxc8 Rxc8 25. Rxb4 Nxb4+ 26. Kb3 Ncd5 27.
a3 Rc3+ 28. Kb2 Nd3+ 29. Nxd3 Rxd3 30. Bg3 f6 31. Re1 Kf7 32. Rc1 Rxd4 33. Rc8
f5 34. Rb8 f4 35. Rxb7+ Kg6 36. Bh4 Kh5 37. Be7 Rd2+ 0-1

[Event "Shakkikodin elokuun turnaus 2006"]
[Site "?"]
[Date "2006.??.??"]
[Round "4"]
[White "Lappalainen, Sasu"]
[Black "Hagelberg, Lauri"]
[Result "1/2-1/2"]
[WhiteElo "2036"]
[BlackElo "1959"]
[PlyCount "61"]

1. c4 d6 2. Nc3 e5 3. g3 f5 4. Bg2 Nf6 5. d3 c6 6. e4 Be7 7. Nge2 O-O 8. O-O
Qe8 9. f4 Qh5 10. d4 fxe4 11. fxe5 dxe5 12. dxe5 Ng4 13. Rxf8+ Kxf8 14. h3 Bc5+
15. Nd4 Qxe5 16. Nce2 Nf6 17. Bf4 Qe7 18. Kh2 Bd7 19. a3 a5 20. b4 axb4 21.
axb4 Rxa1 22. Qxa1 Bd6 23. Qa8 Bc8 24. c5 Be5 25. b5 Qxc5 26. bxc6 bxc6 27.
Bxe5 Qxe5 28. Nxc6 Nxc6 29. Qxc8+ Qe8 30. Qxe8+ Kxe8 31. Nc3 1/2-1/2

[Event "Shakkikodin elokuun turnaus 2006"]
[Site "?"]
[Date "2006.??.??"]
[Round "4"]
[White "Tuovinen, Jukka"]
[Black "Luukkonen, Tommi"]
[Result "1-0"]
[WhiteElo "2093"]
[BlackElo "2184"]
[PlyCount "79"]

1. e4 c5 2. Nf3 e6 3. d4 cxd4 4. Nxd4 a6 5. Bd3 Bc5 6. Nb3 Be7 7. Be3 Nf6 8.
O-O Nc6 9. N1d2 d5 10. exd5 Nxd5 11. Bc5 O-O 12. Bxe7 Qxe7 13. c4 Nf4 14. Be4
f5 15. Bxc6 bxc6 16. Qf3 e5 17. Rfe1 Qc7 18. Nc5 Rb8 19. Qc3 e4 20. Ndb3 Rd8
21. Qe3 Qd6 22. f3 Rb4 23. fxe4 Rxc4 24. Rf1 Ne6 25. Nxe6 Qxe6 26. Qg5 Rf8 27.
exf5 Qf6 28. Qxf6 Rxf6 29. Rac1 Rxc1 30. Rxc1 Bxf5 31. Nc5 Rd6 32. Nxa6 Rd2 33.
Rxc6 Rxb2 34. a4 Be4 35. Rc8+ Kf7 36. Nc5 Rxg2+ 37. Kf1 Bf3 38. Nd3 Ke7 39. Ne1
Bg4 40. Rc7+ 1-0

[Event "Shakkikodin elokuun turnaus 2006"]
[Site "?"]
[Date "2006.??.??"]
[Round "4"]
[White "Kortesharju, Jaakko"]
[Black "Kaeyhkoe, Aki"]
[Result "1-0"]
[WhiteElo "1827"]
[BlackElo "1710"]
[PlyCount "109"]

1. e4 c6 2. d4 d5 3. Nc3 dxe4 4. Nxe4 Nd7 5. c4 Ngf6 6. Nc3 e6 7. Bd3 Be7 8.
Nf3 O-O 9. Qc2 c5 10. d5 exd5 11. Nxd5 b6 12. Bf4 Bb7 13. O-O-O Bxd5 14. cxd5
Re8 15. Ng5 g6 16. h4 c4 17. Bxg6 hxg6 18. h5 Nf8 19. d6 Nxh5 20. dxe7 Qxe7 21.
Qc3 Qf6 22. Bd2 Qxc3+ 23. Bxc3 f6 24. g4 fxg5 25. gxh5 Re2 26. hxg6 Nxg6 27.
Rd6 Nf8 28. Rh8+ Kf7 29. Rf6+ Ke7 30. Rfxf8 Rxf8 31. Bb4+ Ke6 32. Rxf8 Kd5 33.
Bc3 g4 34. Kd1 Re4 35. Rf7 a5 36. a4 Kc5 37. Rf5+ Kc6 38. Bd2 c3 39. Bxc3 Rxa4
40. Kc2 Re4 41. Kd3 Ra4 42. Ke3 b5 43. Rf4 b4 44. Bg7 Ra2 45. Rxg4 b3 46. f4 a4
47. f5 a3 48. Rg2 axb2 49. Rxb2 Ra5 50. f6 Rf5 51. Ke4 Rf1 52. Rxb3 Kd7 53. Rf3
Re1+ 54. Kf4 Ke8 55. Re3+ 1-0

[Event "Shakkikodin elokuun turnaus 2006"]
[Site "?"]
[Date "2006.??.??"]
[Round "4"]
[White "Kainulainen, Joona"]
[Black "Turtiainen, Tauno"]
[Result "1-0"]
[WhiteElo "2136"]
[BlackElo "2060"]
[PlyCount "129"]

1. d4 Nf6 2. c4 g6 3. Nc3 Bg7 4. e4 d6 5. Nf3 O-O 6. Be2 e5 7. O-O Nc6 8. d5
Ne7 9. b4 Nh5 10. Re1 f5 11. Nd2 Nf4 12. Bf1 fxe4 13. Ncxe4 Bf5 14. Nb3 Bxe4
15. Rxe4 c6 16. dxc6 bxc6 17. Rb1 d5 18. cxd5 cxd5 19. Re1 Ne6 20. Bb2 Qd6 21.
Qe2 Nf4 22. Qa6 Qxa6 23. Bxa6 Rab8 24. Bf1 e4 25. Bxg7 Kxg7 26. Nc5 Rfc8 27. g3
Nh5 28. f3 Nc6 29. fxe4 dxe4 30. Rxe4 Nf6 31. Rc4 Ne5 32. Ne6+ Kg8 33. Rc5 Nf3+
34. Kg2 Nd2 35. Rd1 Nde4 36. Rxc8+ Rxc8 37. Rd8+ Rxd8 38. Nxd8 Nc3 39. Bc4+ Kf8
40. Nc6 Nfd5 41. Bxd5 Nxd5 42. a3 a6 43. Kf3 Kf7 44. Ke4 Ke6 45. Kd4 Kd6 46.
Nb8 Nc7 47. a4 g5 48. Kc4 h5 49. h3 h4 50. g4 Ke5 51. Nxa6 Nxa6 52. b5 Nb8 53.
Kc5 Kf4 54. a5 Kg3 55. a6 Nxa6+ 56. bxa6 Kxh3 57. a7 Kxg4 58. a8=Q h3 59. Kd4
Kg3 60. Ke3 g4 61. Qa2 h2 62. Qf2+ Kh3 63. Qf1+ Kg3 64. Ke2 Kh4 65. Kf2 1-0

[Event "Shakkikodin elokuun turnaus 2006"]
[Site "?"]
[Date "2006.??.??"]
[Round "5"]
[White "Hagelberg, Lauri"]
[Black "Kainulainen, Joona"]
[Result "1-0"]
[WhiteElo "1959"]
[BlackElo "2136"]
[PlyCount "53"]

1. d4 d5 2. Nf3 Nf6 3. c4 e6 4. Bg5 h6 5. Bxf6 Qxf6 6. Nc3 c6 7. e3 Nd7 8. cxd5
exd5 9. Bd3 Be7 10. O-O O-O 11. Rb1 a5 12. a3 Re8 13. b4 axb4 14. axb4 Bd8 15.
b5 Bc7 16. Qc2 Nf8 17. Nxd5 Bxh2+ 18. Kxh2 cxd5 19. Rfc1 Ng6 20. Ra1 Rxa1 21.
Rxa1 Nh4 22. Nxh4 Qxh4+ 23. Kg1 Bg4 24. Bf5 Bh5 25. Ra7 Qg5 26. Bh3 Bf3 27. Qf5
1-0

[Event "Shakkikodin elokuun turnaus 2006"]
[Site "?"]
[Date "2006.??.??"]
[Round "5"]
[White "Turtiainen, Tauno"]
[Black "Sofiev, Alexey"]
[Result "0-1"]
[WhiteElo "2060"]
[BlackElo "2054"]
[PlyCount "67"]

1. e4 e6 2. d4 d5 3. Nd2 Nf6 4. e5 Nfd7 5. Bd3 c5 6. c3 Nc6 7. Ne2 cxd4 8. cxd4
f6 9. exf6 Nxf6 10. O-O Bd6 11. Nf3 O-O 12. Nc3 e5 13. Nxd5 Nxd5 14. Bc4 Be7
15. Re1 Kh8 16. dxe5 Nb6 17. Qxd8 Bxd8 18. Bb3 Bg4 19. Ng5 Bxg5 20. Bxg5 Rf5
21. f4 h6 22. Bh4 Rxf4 23. Bg3 Rff8 24. e6 Rfe8 25. h3 Bf5 26. Rad1 Rad8 27.
Rxd8 Nxd8 28. e7 Nc6 29. Rf1 Nxe7 30. Be5 Bg6 31. Bf7 Rf8 32. Bd6 Rxf7 33. Rxf7
Bxf7 34. Bxe7 0-1

[Event "Shakkikodin elokuun turnaus 2006"]
[Site "?"]
[Date "2006.??.??"]
[Round "5"]
[White "Parkkinen, Jyrki"]
[Black "Tuovinen, Jukka"]
[Result "1-0"]
[WhiteElo "2226"]
[BlackElo "2093"]
[PlyCount "139"]

1. Nf3 d5 2. d4 Nf6 3. c4 e6 4. g3 Be7 5. Bg2 O-O 6. O-O c6 7. Qc2 b6 8. Nbd2
Bb7 9. e4 dxe4 10. Nxe4 Nxe4 11. Qxe4 Nd7 12. Rd1 Nf6 13. Qc2 Qc8 14. c5 Nd5
15. Bd2 Rd8 16. b4 Bf6 17. Rab1 Ba6 18. a4 Be2 19. Rdc1 Bxf3 20. Bxf3 Bxd4 21.
cxb6 axb6 22. a5 bxa5 23. bxa5 c5 24. Qa2 Qa6 25. Be1 h6 26. Be2 Qd6 27. Rd1
Ra7 28. Qc4 Rb8 29. Bf3 Rxb1 30. Rxb1 Qe5 31. a6 Qd6 32. Be4 g6 33. Bd3 Nc7 34.
Rb7 Rxa6 35. Bc3 Rb6 36. Rxc7 Bxf2+ 37. Kxf2 Qxc7 38. Qh4 e5 39. Bxe5 g5 40.
Qe4 Qc6 41. Qh7+ Kf8 42. Bc4 Qg6 43. Qxg6 Rxg6 44. Kf3 Rb6 45. Ke4 f6 46. Bc3
Kg7 47. Kf5 Rd6 48. g4 Rb6 49. Ke4 Rb1 50. Kf5 Rb6 51. Be6 Rb1 52. Bxf6+ Kh7
53. Be7 Rf1+ 54. Ke5 Rh1 55. Kf6 Rxh2 56. Bf5+ Kg8 57. Kg6 Re2 58. Bxc5 Re5 59.
Bd6 Re1 60. Kxh6 Kf7 61. Kxg5 Rd1 62. Bg6+ Kg7 63. Be5+ Kg8 64. Kf6 Rf1+ 65.
Bf5 Rc1 66. g5 Rc6+ 67. Be6+ Kh7 68. g6+ Kh6 69. Bf4+ Kh5 70. g7 1-0

[Event "Shakkikodin elokuun turnaus 2006"]
[Site "?"]
[Date "2006.??.??"]
[Round "5"]
[White "Luukkonen, Tommi"]
[Black "Lappalainen, Sasu"]
[Result "1-0"]
[WhiteElo "2184"]
[BlackElo "2036"]
[PlyCount "61"]

1. e4 c5 2. Nf3 d6 3. d4 cxd4 4. Nxd4 Nf6 5. Nc3 g6 6. Be3 Bg7 7. f3 O-O 8. Qd2
Nc6 9. O-O-O d5 10. exd5 Nxd5 11. Nxc6 bxc6 12. Bd4 e5 13. Bc5 Be6 14. Ne4 Re8
15. h4 h6 16. Bc4 Qc7 17. Qf2 f5 18. Nd6 Red8 19. Bb3 a5 20. c4 a4 21. cxd5
axb3 22. dxe6 bxa2 23. Kc2 a1=Q 24. Rxa1 Rxa1 25. Rxa1 Rxd6 26. Ra8+ Kh7 27.
Ra7 Qb8 28. Bxd6 Qxd6 29. e7 Qe6 30. Qc5 g5 31. Ra8 1-0

[Event "Shakkikodin elokuun turnaus 2006"]
[Site "?"]
[Date "2006.??.??"]
[Round "5"]
[White "Ahokas, Heikki"]
[Black "Kortesharju, Jaakko"]
[Result "1/2-1/2"]
[WhiteElo "1516"]
[BlackElo "1827"]
[PlyCount "39"]

1. g3 e5 2. Bg2 d5 3. b4 Bxb4 4. c4 Be6 5. Qb3 Na6 6. cxd5 Bc8 7. Bb2 Bd6 8.
Nc3 Nc5 9. Qc2 Bd7 10. Nf3 Ne7 11. O-O c6 12. d4 exd4 13. Nxd4 Rc8 14. dxc6
Nxc6 15. Ne4 Nxe4 16. Qxe4+ Qe7 17. Qxe7+ Nxe7 18. Rab1 b6 19. Nb3 f6 20. Rfd1
1/2-1/2

[Event "Shakkikodin elokuun turnaus 2006"]
[Site "?"]
[Date "2006.??.??"]
[Round "4"]
[White "Sofiev, Alexey"]
[Black "Parkkinen, Jyrki"]
[Result "1/2-1/2"]
[WhiteElo "2054"]
[BlackElo "2226"]
[PlyCount "114"]

1. e4 d5 2. exd5 Qxd5 3. Nc3 Qa5 4. Nf3 Nf6 5. Bc4 c6 6. O-O Bg4 7. d4 e6 8. a3
Nbd7 9. Be3 Nb6 10. Be2 Nbd5 11. Nxd5 Nxd5 12. c4 Nxe3 13. fxe3 Bd6 14. c5 Bb8
15. Ng5 Bf5 16. e4 Qc7 17. g3 Bg6 18. Bh5 Qe7 19. Bxg6 hxg6 20. Nxf7 O-O 21.
Nd6 Bxd6 22. cxd6 Qxd6 23. Qd2 Rad8 24. Rxf8+ Rxf8 25. Rd1 e5 26. d5 Qc5+ 27.
Kg2 Rd8 28. b4 Qb5 29. Qa2 Kh7 30. d6 c5 31. bxc5 Qxc5 32. d7 Qc6 33. Qd5 Qxd5
34. Rxd5 Kg8 35. Kf3 Kf7 36. Kg4 Ke6 37. Kg5 Rxd7 38. Rxd7 Kxd7 39. Kxg6 b5 40.
Kxg7 a5 41. h4 b4 42. axb4 axb4 43. h5 b3 44. h6 b2 45. h7 b1=Q 46. h8=Q Qxe4
47. Qh3+ Kd6 48. g4 Qd4 49. Qh6+ Kd5 50. g5 e4+ 51. Kh7 Qa7+ 52. Kh8 Qb8+ 53.
Kh7 Qc7+ 54. Kh8 Qd8+ 55. Kh7 Qe7+ 56. Kh8 Qe8+ 57. Kh7 Qe7+ 1/2-1/2

[Event "Shakkikodin elokuun turnaus 2006"]
[Site "?"]
[Date "2006.??.??"]
[Round "6"]
[White "Kainulainen, Joona"]
[Black "Luukkonen, Tommi"]
[Result "0-1"]
[WhiteElo "2136"]
[BlackElo "2184"]
[PlyCount "38"]

1. d4 e6 2. c4 b6 3. a3 g6 4. Nc3 Bg7 5. e4 Ne7 6. g3 Ba6 7. d5 O-O 8. Bd3 f5
9. exf5 gxf5 10. Nge2 e5 11. f3 c6 12. Qc2 cxd5 13. cxd5 d6 14. Bg5 Bxd3 15.
Qxd3 Nd7 16. b4 e4 17. fxe4 Ne5 18. Qe3 fxe4 19. Kd1 Ng4 0-1

[Event "Shakkikodin elokuun turnaus 2006"]
[Site "?"]
[Date "2006.??.??"]
[Round "6"]
[White "Kortesharju, Jaakko"]
[Black "Laitinen, Martti"]
[Result "1-0"]
[WhiteElo "1827"]
[BlackElo "1839"]
[PlyCount "95"]

1. d4 Nf6 2. c4 g6 3. Nc3 Bg7 4. e4 d6 5. Nf3 O-O 6. Be2 e5 7. O-O Nbd7 8. Re1
h6 9. Bf1 c6 10. Rb1 a5 11. b3 Re8 12. Ba3 Bf8 13. Qc1 Kg7 14. Kh1 Ng4 15. Qd2
c5 16. dxc5 Nxc5 (16... dxc5) 17. h3 Nf6 18. Rbd1 Qe7 19. Bxc5 dxc5 20. Nd5
Nxd5 (20... Qd6) 21. exd5 Qd6 22. Qc3 f6 23. Re3 b6 24. Rde1 Ra7 25. Bd3 Rae7
26. Nh4 e4 27. Bxe4 Qe5 28. Qxe5 Rxe5 29. Nxg6 Rxe4 30. Rxe4 Rxe4 31. Rxe4 Bf5
32. Nxf8 Bxe4 33. Nd7 Bb1 34. a3 Ba2 35. Nxb6 Bxb3 36. d6 Kf7 37. Kh2 Ke6 38.
d7 Ke7 39. Kg3 Bc2 40. Kf4 h5 41. h4 Bg6 42. f3 Kd8 43. g4 hxg4 44. fxg4 Ke7
45. Nd5+ Kxd7 46. Nxf6+ Ke6 47. Ne4 Be8 48. Nxc5+ 1-0

[Event "Shakkikodin elokuun turnaus 2006"]
[Site "?"]
[Date "2006.??.??"]
[Round "1"]
[White "Suuronen, Petri"]
[Black "Baeckstroem, Tenho"]
[Result "1-0"]
[WhiteElo "1868"]
[BlackElo "1491"]
[PlyCount "55"]

1. Nf3 Nf6 2. c4 d5 3. d4 g6 4. Bg5 Bg7 5. Nc3 Ne4 6. Nxd5 Nxg5 7. Nxg5 e6 8.
Nxc7+ Qxc7 9. Ne4 O-O 10. e3 Qa5+ 11. Nc3 Nc6 12. a3 a6 13. b4 Qc7 14. Qc2 Bd7
15. Bd3 Rac8 16. h4 h5 17. Kd2 Nxd4 18. exd4 Bxd4 19. Raf1 Bc6 20. f3 Qg3 21.
Kc1 Bxc3 22. Qxc3 Qxg2 23. Qf6 Qg3 24. Rhg1 Qc7 25. Bxg6 fxg6 26. Rxg6+ Kh7 27.
Rh6+ Kg8 28. Rh8# 1-0

[Event "Shakkikodin elokuun turnaus 2006"]
[Site "?"]
[Date "2006.??.??"]
[Round "6"]
[White "Tuovinen, Jukka"]
[Black "Lappalainen, Sasu"]
[Result "1/2-1/2"]
[WhiteElo "2093"]
[BlackElo "2036"]
[PlyCount "72"]

1. e4 c5 2. Nf3 d6 3. Bb5+ Bd7 4. a4 Nf6 5. Nc3 Nc6 6. d4 cxd4 7. Nxd4 g6 8. f3
Bg7 9. Be3 O-O 10. Qd2 Rc8 11. O-O Ne5 12. Be2 Nc4 13. Bxc4 Rxc4 14. a5 Qb8 15.
b3 Rcc8 16. Nd5 Rfe8 17. c4 Bc6 18. Nxf6+ Bxf6 19. Ra2 Rc7 20. Nc2 b5 21. axb6
axb6 22. Nb4 Qc8 23. Bxb6 Rb7 24. Qe3 Bd7 25. Nd5 Bg7 26. Ba5 Qc5 27. Qxc5 dxc5
28. Rb1 e6 29. Nb6 Bc6 30. Na4 Reb8 31. Be1 Bxa4 32. Rxa4 Bd4+ 33. Bf2 Rxb3 34.
Rxb3 Rxb3 35. Bxd4 cxd4 36. e5 36... Rc3 {(=)} 1/2-1/2

[Event "Shakkikodin elokuun turnaus 2006"]
[Site "?"]
[Date "2006.??.??"]
[Round "6"]
[White "Parkkinen, Jyrki"]
[Black "Turtiainen, Tauno"]
[Result "1/2-1/2"]
[WhiteElo "2226"]
[BlackElo "2060"]
[PlyCount "102"]

1. Nf3 Nf6 2. c4 g6 3. g3 Bg7 4. Bg2 d6 5. d4 O-O 6. O-O Nbd7 7. Nc3 e5 8. e4
exd4 9. Nxd4 Re8 10. Re1 a6 11. Rb1 Rb8 12. Be3 Ne5 13. Qe2 c5 14. Nc2 b5 15.
cxb5 axb5 16. b4 Nc4 17. bxc5 Nxe3 18. Qxe3 Ng4 19. Qd2 Qa5 20. Nd4 dxc5 21.
Rxb5 Rxb5 22. Ndxb5 Ba6 23. Qd7 Bxb5 24. Qxb5 Ra8 25. Qxa5 Rxa5 26. e5 Bxe5 27.
Ne4 Rxa2 28. h3 Nf6 29. Nxc5 Bd4 30. Nd3 Rd2 31. Bf1 Kf8 32. Kg2 g5 33. Kf3 h5
34. g4 h4 35. Be2 Nd5 36. Ke4 Rxe2+ 37. Rxe2 Nc3+ 38. Kf3 Nxe2 39. Kxe2 Kg7 40.
Kf3 Kf6 41. Ke4 Ba7 42. f4 Bb8 43. f5 Bd6 44. Kd5 Ba3 45. Nf2 Ke7 46. Ne4 f6
47. Kc6 Bb2 48. Nc5 Be5 49. Ne6 Bc3 50. Nc7 Be5 51. Nd5+ Kd8 1/2-1/2